Datum a čas kvízu
31.5
Celkem bodů
Celkový počet nahraných bodů na tomto kvízu bez doplňovacích otázek.
7.
Pořadí na kvízu
Konečné umístění týmu na tomto kvízu.
Zaznamenané odpovědi
| # | Otázka | Odpověď | Body | Výsledky |
|---|---|---|---|---|
| 1. | Který český politik zveřejnil... | Vít Rakušan | 1 | |
| 2. | Maďarsko podepsalo s jednou ze... | Číny | 0 | |
| 3. | V sobotu večer se v pražském R... | Simona Peková, Přišla v noci | 1 | |
| 4. | Společnost ČEZ podepsala dohod... | z Francie | 1 | |
| 5. | Ve čtvrtek byla odehrána evrop... | 3 : 9 | 1 | |
| 6. | Začneme prvním českým králem p... | Rudolf (I. Habsburský) | 0 | |
| 7. | Další „slavnou“ prohrou, která... | stoletá válka | 1 | |
| 8. | V bitvě u Lipan, kterou řadí m... | Jan Roháč (z Dubé) | 0 | |
| 9. | Bitva na Bílé hoře v roce 1620... | D) 2 hodiny | 1 | |
| 10. | Mnichovská dohoda je typickým... | appeasement | 0 |